[Event "Cambridge op 2nd"]
[Site "Cambridge"]
[Date "2024.02.24"]
[Round "9"]
[White "Jermy, Jaden"]
[Black "Dishman, Stephen"]
[Result "1/2-1/2"]
[WhiteElo "1968"]
[BlackElo "2273"]
[PlyCount "106"]
[EventDate "2024.02.19"]
[EventType "swiss"]
[EventRounds "9"]
[EventCountry "ENG"]
[SourceTitle "CB09_2024"]
[SourceDate "2024.02.28"]
[SourceVersion "1"]
[SourceVersionDate "2024.02.28"]
[SourceQuality "1"]

1. d4 d5 2. c4 e6 3. Nf3 a6 4. Qc2 dxc4 5. Qxc4 b5 6. Qc2 Bb7 7. Bg5 Be7 8. Bxe7 Nxe7 9. Nbd2 Nd7 10. e3 Rc8 11. b4 e5 12. dxe5 Ng6 13. e6 fxe6 14. Rd1 0-0 15. Bd3 c5 16. Bxg6 hxg6 17. Qxg6 Rf6 18. Qg4 c4 19. Ne4 Bxe4 20. Qxe4 Qe7 21. 0-0 Nf8 22. a3 a5 23. Rb1 axb4 24. Rxb4 Qa7 25. Rxb5 Qxa3 26. Qc2 Rf7 27. Ne5 Rfc7 28. Rc1 Nd7 29. Nxd7 Rxd7 30. h3 Rd3 31. Qb2 Qd6 32. Qe5 Rd1+ 33. Rxd1 Qxd1+ 34. Kh2 Qd7 35. Rb6 c3 36. Rd6 Qf7 37. Rd1 c2 38. Rc1 Rc6 39. Qb8+ Kh7 40. Qf4 Qg6 41. f3 Qd3 42. Qh4+ Kg8 43. Qd4 Qe2 44. Qd8+ Kh7 45. Qd4 Rc4 46. Qb6 Qd2 47. Qxe6 Qxc1 48. Qf5+ Kg8 49. Qd5+ Kf8 50. Qd8+ Kf7 51. Qd7+ Kf8 52. Qd8+ Kf7 53. Qd7+ Kf8 1/2-1/2

[Event "Titled Tuesday intern op 16th Jan Early"]
[Site "Chess.com INT"]
[Date "2024.01.16"]
[Round "9"]
[White "Dishman, Stephen"]
[Black "Kim, Sergey2"]
[Result "0-1"]
[WhiteElo "2273"]
[BlackElo "2295"]
[PlyCount "104"]
[EventDate "2024.01.16"]
[EventType "swiss (blitz)"]
[EventRounds "11"]
[EventCountry "USA"]
[SourceTitle "CB04_2024"]
[SourceDate "2023.10.16"]
[SourceVersion "1"]
[SourceVersionDate "2023.10.16"]
[SourceQuality "1"]

1. d4 Nf6 2. Bg5 g6 3. Bxf6 exf6 4. c4 h5 5. Nc3 h4 6. e3 f5 7. Be2 d6 8. Bf3 Nd7 9. Nge2 Nf6 10. h3 c6 11. b4 a6 12. a4 Bh6 13. Qd3 0-0 14. Rb1 Re8 15. 0-0 Qe7 16. b5 axb5 17. axb5 Ne4 18. bxc6 bxc6 19. Rb6 Qc7 20. Rfb1 Nxc3 21. Nxc3 Bd7 22. Rb7 Qc8 23. e4 Ra3 24. e5 dxe5 25. dxe5 Be6 26. R7b6 Rd8 27. Qc2 Qc7 28. Rxc6 Qxe5 29. Nd5 Ra1 30. Qd1 Rda8 31. Rcb6 Bg7 32. Rxa1 Rxa1 33. Rb1 Rxb1 34. Qxb1 Qd4 35. Qc2 Be5 36. Kf1 Qa1+ 37. Qd1 Qa2 38. Qc1 Bd4 39. Ne3 Bxe3 40. Qxe3 Qa1+ 41. Ke2 Bxc4+ 42. Kd2 Qb2+ 43. Ke1 Qb1+ 44. Kd2 Qb2+ 45. Ke1 Be6 46. Qd2 Qxd2+ 47. Kxd2 Kg7 48. Ke3 Kf6 49. Kf4 g5+ 50. Ke3 Ke5 51. Bb7 Bd5 52. f3 Bxb7 0-1

[Event "BCF-chT2 2324 (4NCL)"]
[Site "England"]
[Date "2023.11.11"]
[Round "1.63"]
[White "Dishman, Stephen"]
[Black "Blake, J Morgan"]
[Result "1/2-1/2"]
[WhiteElo "2306"]
[BlackElo "1984"]
[PlyCount "45"]
[EventDate "2023.11.11"]
[EventType "team-tourn"]
[EventRounds "11"]
[EventCountry "ENG"]
[SourceTitle "CB46_2023"]
[SourceDate "2023.11.15"]
[SourceVersion "1"]
[SourceVersionDate "2023.11.15"]
[SourceQuality "1"]
[WhiteTeam "Barbican"]
[BlackTeam "Sussex Martlets"]
[WhiteTeamCountry "ENG"]
[BlackTeamCountry "ENG"]

1. Nf3 d5 2. c4 d4 3. b4 c5 4. e3 g5 5. Bb2 g4 6. Ne5 Bg7 7. exd4 cxd4 8. Nxg4 Qb6 9. Bd3 Nc6 10. a3 h5 11. c5 Qd8 12. Ne3 Ne5 13. Bb5+ Bd7 14. Bxd7+ Qxd7 15. 0-0 dxe3 16. fxe3 e6 17. Bxe5 Bxe5 18. d4 Bg7 19. Nd2 Nf6 20. Nc4 Ne4 21. Qf3 f5 22. Rac1 h4 23. b5 1/2-1/2

[Event "WchT Seniors 50"]
[Site "Struga"]
[Date "2023.09.28"]
[Round "9.1"]
[White "Dishman, Stephen"]
[Black "Olafsson, Helgi"]
[Result "1/2-1/2"]
[WhiteElo "2304"]
[BlackElo "2491"]
[PlyCount "75"]
[EventDate "2023.09.19"]
[EventType "team-swiss"]
[EventRounds "9"]
[EventCountry "MKD"]
[SourceTitle "EXT 2024"]
[Source "ChessBase"]
[SourceDate "2023.10.10"]
[SourceVersion "1"]
[SourceVersionDate "2023.10.10"]
[SourceQuality "1"]
[WhiteTeam "England 50 II"]
[BlackTeam "Iceland 50"]
[WhiteTeamCountry "ENG"]
[BlackTeamCountry "ISL"]

1. Nf3 Nf6 2. c4 e6 3. g3 a6 4. Bg2 b5 5. b3 Bb7 6. 0-0 c5 7. Nc3 Qb6 8. Re1 d6 9. e4 Nc6 10. Nd5 exd5 11. exd5+ Ne7 12. d4 h6 13. dxc5 dxc5 14. Ne5 Rd8 15. Bb2 h5 16. Qe2 Rd6 17. a4 b4 18. a5 Qc7 19. Nd3 Kd8 20. Be5 Nd7 21. Bxd6 Qxd6 22. Bh3 g6 23. Bxd7 Kxd7 24. Qe3 Kc7 25. Nxc5 Nf5 26. Nxb7 Kxb7 27. Qe8 Qc7 28. Rad1 Bg7 29. Qa4 Bc3 30. Re8 Rxe8 31. Qxe8 Bd4 32. Kg2 Bc5 33. Re1 Nd6 34. Qg8 Qd7 35. h4 Ka7 36. Re2 Kb7 37. Re1 Ka7 38. Re2 1/2-1/2

[Event "WchT Seniors 50"]
[Site "Struga"]
[Date "2023.09.27"]
[Round "8.1"]
[White "Mrva, Martin"]
[Black "Dishman, Stephen"]
[Result "0-1"]
[WhiteElo "2361"]
[BlackElo "2304"]
[PlyCount "156"]
[EventDate "2023.09.19"]
[EventType "team-swiss"]
[EventRounds "9"]
[EventCountry "MKD"]
[SourceTitle "EXT 2024"]
[Source "ChessBase"]
[SourceDate "2023.10.10"]
[SourceVersion "1"]
[SourceVersionDate "2023.10.10"]
[SourceQuality "1"]
[WhiteTeam "Slovakia 50"]
[BlackTeam "England 50 II"]
[WhiteTeamCountry "SVK"]
[BlackTeamCountry "ENG"]

1. e4 c5 2. Nf3 g6 3. c4 Nc6 4. d4 cxd4 5. Nxd4 Nf6 6. Nc3 d6 7. f3 Bg7 8. Be3 0-0 9. Qd2 Nxd4 10. Bxd4 Be6 11. Be2 Qa5 12. 0-0 Rfc8 13. b3 b5 14. b4 Qxb4 15. Rab1 Qa5 16. Rxb5 Qd8 17. Rb4 Nd7 18. Bxg7 Kxg7 19. Qd4+ f6 20. Nd5 Nc5 21. f4 Bxd5 22. cxd5 Rab8 23. a3 a5 24. Rb5 a4 25. e5 Rxb5 26. Bxb5 Rb8 27. Bc6 Qb6 28. exf6+ exf6 29. h4 Ne4 30. Qxb6 Rxb6 31. Rf3 Rb1+ 32. Rf1 Rb3 33. Ra1 Nc5 34. Ra2 f5 35. h5 gxh5 36. Kh2 h4 37. Be8 Rd3 38. Bc6 Kh6 39. Ra1 Re3 40. Rb1 Rxa3 41. Rb8 Ne4 42. Ra8 Nf6 43. Rxa4 Rxa4 44. Bxa4 Nxd5 45. Kh3 Nxf4+ 46. Kxh4 Ng6+ 47. Kg3 Kg5 48. Kf3 Kf6 49. Bb3 h6 50. Kg3 Ke5 51. Bf7 Nf4 52. Kf3 Ne6 53. Kg3 d5 54. Kh4 d4 55. Kg3 Ng5 56. Bg6 Ne4+ 57. Kf3 Nc3 58. Bh7 Nd5 59. Bg6 Ne7 60. Be8 Nd5 61. Bg6 Kf6 62. Be8 Kg5 63. Bd7 Nf6 64. Be6 Ng4 65. Bc8 Ne5+ 66. Kg3 h5 67. Kf2 h4 68. Bb7 Kf4 69. Ke2 Kg3 70. Bd5 f4 71. Be4 d3+ 72. Kf1 Ng4 73. Bxd3 Ne3+ 74. Kg1 Nxg2 75. Bf1 Ne3 76. Bb5 h3 77. Be2 f3 78. Bb5 h2+ 0-1

[Event "Titled Tuesday intern op 12th Sep Early"]
[Site "Chess.com INT"]
[Date "2023.09.12"]
[Round "2"]
[White "Dishman, Stephen"]
[Black "Bilan, Danila"]
[Result "0-1"]
[WhiteElo "2304"]
[BlackElo "2303"]
[PlyCount "90"]
[EventDate "2023.09.12"]
[EventType "swiss (blitz)"]
[EventRounds "11"]
[EventCountry "USA"]
[SourceTitle "EXT 2024"]
[Source "ChessBase"]
[SourceDate "2023.10.10"]
[SourceVersion "1"]
[SourceVersionDate "2023.10.10"]
[SourceQuality "1"]

1. c4 c6 2. Nf3 d5 3. g3 Nf6 4. Bg2 Bf5 5. Qb3 Qb6 6. d3 e6 7. Be3 Qa6 8. Nbd2 Nbd7 9. cxd5 exd5 10. h3 Bc5 11. Bxc5 Nxc5 12. Qc2 Ne6 13. 0-0 h6 14. b4 0-0 15. a4 Rac8 16. Rfb1 Rfe8 17. e4 Bh7 18. Bf1 Qb6 19. Qb3 Nd4 20. Nxd4 Qxd4 21. Nf3 Qb6 22. e5 Nd7 23. Re1 Nf8 24. a5 Qd8 25. d4 Be4 26. Nd2 Bg6 27. Bd3 Qg5 28. Nf3 Qh5 29. Bxg6 fxg6 30. Kg2 g5 31. b5 Ne6 32. bxc6 bxc6 33. Rab1 Rf8 34. Qd3 g4 35. hxg4 Qxg4 36. Qe3 Rf7 37. Nh2 Qg6 38. Rf1 Rcf8 39. f3 Ng5 40. f4 Ne6 41. Rf2 Qxb1 42. f5 Rxf5 43. Nf3 Rxf3 44. Rxf3 Rxf3 45. Qxf3 Qe4 0-1

[Event "Titled Tuesday intern op 12th Sep Early"]
[Site "Chess.com INT"]
[Date "2023.09.12"]
[Round "8"]
[White "Dishman, Stephen"]
[Black "Centron Antuna, Daniel"]
[Result "0-1"]
[WhiteElo "2304"]
[BlackElo "2303"]
[PlyCount "88"]
[EventDate "2023.09.12"]
[EventType "swiss (blitz)"]
[EventRounds "11"]
[EventCountry "USA"]
[SourceTitle "EXT 2024"]
[Source "ChessBase"]
[SourceDate "2023.10.10"]
[SourceVersion "1"]
[SourceVersionDate "2023.10.10"]
[SourceQuality "1"]

1. c4 e5 2. g3 Nf6 3. Bg2 c6 4. Nf3 e4 5. Nd4 d5 6. d3 dxc4 7. dxe4 Bb4+ 8. Nc3 c5 9. Ndb5 Qxd1+ 10. Kxd1 Na6 11. Nd6+ Ke7 12. e5 Ng4 13. Nd5+ Kf8 14. Kc2 Nxe5 15. a3 Ba5 16. f4 Nc6 17. Nxc4 Nd4+ 18. Kd3 Bd8 19. b4 Bf5+ 20. e4 Bg4 21. bxc5 Nb3 22. Rb1 Naxc5+ 23. Ke3 Be6 24. Bb2 b5 25. Ne5 Bxd5 26. exd5 Bb6 27. Kf3 Nd2+ 28. Kg4 h5+ 29. Kh3 Nxb1 30. Rxb1 Rd8 31. Bd4 a6 32. Rc1 Na4 33. Bxb6 Nxb6 34. Rc6 Nd7 35. Rxa6 Nf6 36. Ra7 Rh7 37. Rxf7+ Kg8 38. Rb7 g5 39. fxg5 Rxb7 40. gxf6 Ra7 41. f7+ Kf8 42. Bf3 Rd6 43. Bxh5 Rxd5 44. Ng6+ Kxf7 0-1

[Event "Titled Tuesday intern op 12th Sep Early"]
[Site "Chess.com INT"]
[Date "2023.09.12"]
[Round "6"]
[White "Ismayil, Malak"]
[Black "Dishman, Stephen"]
[Result "0-1"]
[WhiteElo "2148"]
[BlackElo "2304"]
[PlyCount "80"]
[EventDate "2023.09.12"]
[EventType "swiss (blitz)"]
[EventRounds "11"]
[EventCountry "USA"]
[SourceTitle "EXT 2024"]
[Source "ChessBase"]
[SourceDate "2023.10.10"]
[SourceVersion "1"]
[SourceVersionDate "2023.10.10"]
[SourceQuality "1"]

1. e4 c5 2. Nf3 g6 3. d4 cxd4 4. Nxd4 Nc6 5. Nxc6 bxc6 6. Nc3 Bg7 7. Bc4 d6 8. 0-0 Nf6 9. Bg5 0-0 10. Qd2 Qc7 11. Rad1 a5 12. Rfe1 Ba6 13. Bxa6 Rxa6 14. b3 Raa8 15. h3 Rfd8 16. Qe3 Ne8 17. Na4 Rab8 18. c4 c5 19. Nc3 Bd4 20. Rxd4 cxd4 21. Qxd4 f6 22. Be3 Qb7 23. Nd5 Rd7 24. Bd2 a4 25. b4 Nc7 26. a3 Nxd5 27. exd5 Qb6 28. Qd3 Rc8 29. Be3 Qa6 30. Rc1 Rdc7 31. b5 Qa5 32. Qe4 Kg7 33. h4 Qa8 34. h5 Re8 35. Qf4 Qc8 36. Qh6+ Kg8 37. hxg6 hxg6 38. Qxg6+ Kh8 39. Qh5+ Kg8 40. Qg4+ Qxg4 0-1

[Event "Titled Tuesday intern op 12th Sep Early"]
[Site "Chess.com INT"]
[Date "2023.09.12"]
[Round "1"]
[White "Kleiman, Jake"]
[Black "Dishman, Stephen"]
[Result "1-0"]
[WhiteElo "2399"]
[BlackElo "2304"]
[PlyCount "97"]
[EventDate "2023.09.12"]
[EventType "swiss (blitz)"]
[EventRounds "11"]
[EventCountry "USA"]
[SourceTitle "EXT 2024"]
[Source "ChessBase"]
[SourceDate "2023.10.10"]
[SourceVersion "1"]
[SourceVersionDate "2023.10.10"]
[SourceQuality "1"]

1. e4 c6 2. Nc3 d5 3. Nf3 dxe4 4. Nxe4 Nf6 5. Nxf6+ exf6 6. d4 Bd6 7. Bd3 0-0 8. 0-0 Re8 9. h3 Nd7 10. c4 Nf8 11. b3 Be6 12. Bb2 Qd7 13. Qc2 Bxh3 14. Rfe1 Bg4 15. Nd2 Bh5 16. Ne4 Bg6 17. Re2 Ne6 18. Nxd6 Qxd6 19. Rae1 Qd7 20. Bf5 Qd6 21. Qe4 Bxf5 22. Qxf5 Qf8 23. d5 cxd5 24. cxd5 Nc5 25. Ba3 Rxe2 26. Rxe2 Qd6 27. Bxc5 Qxc5 28. Qd7 Qc1+ 29. Kh2 Qh6+ 30. Kg3 Qg5+ 31. Kf3 Qh5+ 32. Ke3 Qg5+ 33. Kd3 h5 34. d6 Qd5+ 35. Kc2 Qc5+ 36. Kb1 Rc8 37. Re8+ Rxe8 38. Qxe8+ Kh7 39. d7 Qf5+ 40. Kc1 Qf4+ 41. Kd1 Qd4+ 42. Ke2 Qb2+ 43. Kf3 Qc3+ 44. Ke2 Qb2+ 45. Kd3 Qb1+ 46. Kc4 Qc2+ 47. Kd5 Qd3+ 48. Kc5 Qc3+ 49. Kd6 1-0

[Event "Titled Tuesday intern op 12th Sep Early"]
[Site "Chess.com INT"]
[Date "2023.09.12"]
[Round "5"]
[White "Vargas, Mauricio"]
[Black "Dishman, Stephen"]
[Result "0-1"]
[WhiteElo "1961"]
[BlackElo "2304"]
[PlyCount "72"]
[EventDate "2023.09.12"]
[EventType "swiss (blitz)"]
[EventRounds "11"]
[EventCountry "USA"]
[SourceTitle "EXT 2024"]
[Source "ChessBase"]
[SourceDate "2023.10.10"]
[SourceVersion "1"]
[SourceVersionDate "2023.10.10"]
[SourceQuality "1"]

1. e4 c5 2. Nc3 Nc6 3. f4 g6 4. Nf3 Bg7 5. Bb5 Nd4 6. Bf1 d6 7. d3 Bg4 8. Be2 Bxf3 9. Bxf3 e6 10. 0-0 Ne7 11. Ne2 Nec6 12. c3 Nxf3+ 13. Rxf3 0-0 14. Qe1 b5 15. Rh3 b4 16. Bd2 bxc3 17. Bxc3 Nd4 18. Rc1 Rb8 19. Kh1 Qb6 20. Qh4 h6 21. Ng1 Qd8 22. Qf2 a5 23. Nf3 Nxf3 24. Rxf3 Bxc3 25. bxc3 Qf6 26. f5 gxf5 27. exf5 e5 28. Qe3 Kh7 29. Rh3 Rg8 30. d4 Rb2 31. Rg3 Rxg3 32. Qxg3 exd4 33. cxd4 Qxd4 34. Re1 Qf2 35. Rg1 Qxg3 36. hxg3 d5 0-1

[Event "Titled Tuesday intern op 08th Aug Early"]
[Site "Chess.com INT"]
[Date "2023.08.08"]
[Round "9"]
[White "Falbo, Sandro"]
[Black "Dishman, Stephen"]
[Result "0-1"]
[WhiteElo "2179"]
[BlackElo "2304"]
[PlyCount "34"]
[EventDate "2023.08.08"]
[EventType "swiss (blitz)"]
[EventRounds "11"]
[EventCountry "USA"]
[SourceTitle "EXT 2024"]
[Source "ChessBase"]
[SourceDate "2023.10.10"]
[SourceVersion "1"]
[SourceVersionDate "2023.10.10"]
[SourceQuality "1"]

1. c4 c6 2. e4 d5 3. exd5 cxd5 4. cxd5 Nf6 5. Bb5+ Nbd7 6. Nc3 a6 7. Ba4 b5 8. Bb3 Nb6 9. Nf3 Nbxd5 10. 0-0 e6 11. d4 Be7 12. Re1 Bb7 13. Ne5 0-0 14. Bg5 h6 15. Bh4 Nf4 16. f3 N6d5 17. Ne4 Bxh4 0-1

[Event "Titled Tuesday intern op 08th Aug Early"]
[Site "Chess.com INT"]
[Date "2023.08.08"]
[Round "6"]
[White "Lehtosaari, Mauri"]
[Black "Dishman, Stephen"]
[Result "1-0"]
[WhiteElo "2138"]
[BlackElo "2304"]
[PlyCount "89"]
[EventDate "2023.08.08"]
[EventType "swiss (blitz)"]
[EventRounds "11"]
[EventCountry "USA"]
[SourceTitle "EXT 2024"]
[Source "ChessBase"]
[SourceDate "2023.10.10"]
[SourceVersion "1"]
[SourceVersionDate "2023.10.10"]
[SourceQuality "1"]

1. d4 d5 2. Nf3 Nf6 3. Bg5 Ne4 4. Bf4 c5 5. e3 Nc6 6. c3 Qb6 7. Qb3 c4 8. Qxb6 axb6 9. Nfd2 Bf5 10. Be2 e6 11. Nxe4 Bxe4 12. Nd2 Bg6 13. Bf3 f5 14. 0-0 b5 15. a3 Kd7 16. h3 Bd6 17. Bxd6 Kxd6 18. g3 Bf7 19. Bg2 g5 20. f3 Bg6 21. Rae1 Rhf8 22. e4 f4 23. Kh2 h5 24. Re2 h4 25. g4 e5 26. dxe5+ Nxe5 27. exd5 Bd3 28. Ne4+ Kxd5 29. Rd1 Kc6 30. Red2 Bxe4 31. fxe4 f3 32. Bf1 f2 33. Rd6+ Kc7 34. R6d5 Rae8 35. Kg2 Rf4 36. Rc5+ Kb6 37. Rdd5 Nd3 38. Rxb5+ Kc6 39. Rf5 Rexe4 40. Rxg5 Re1 41. Rbf5 Rxf5 42. Rxf5 Rb1 43. g5 Rxb2 44. g6 Ne1+ 45. Kh2 1-0

[Event "EU-chT Seniors 50"]
[Site "Swidnica"]
[Date "2023.07.20"]
[Round "9.5"]
[White "Nordenbaek, Jan"]
[Black "Dishman, Stephen"]
[Result "1/2-1/2"]
[WhiteElo "2162"]
[BlackElo "2290"]
[PlyCount "34"]
[EventDate "2023.07.12"]
[EventType "team-tourn"]
[EventRounds "9"]
[EventCountry "POL"]
[SourceTitle "CBM 215 Extra"]
[Source "ChessBase"]
[SourceDate "2023.09.30"]
[SourceVersion "1"]
[SourceVersionDate "2023.09.30"]
[SourceQuality "1"]
[WhiteTeam "Denmark WriteUpp 50"]
[BlackTeam "England 50 II"]
[WhiteTeamCountry "DEN"]
[BlackTeamCountry "ENG"]

1. e4 c6 2. Nf3 d5 3. Nc3 dxe4 4. Nxe4 Nf6 5. Nxf6+ exf6 6. Bc4 Bd6 7. Qe2+ Qe7 8. Qxe7+ Kxe7 9. 0-0 Rd8 10. h3 a5 11. a3 Kf8 12. d3 Be6 13. Bxe6 fxe6 14. Be3 Nd7 15. Nd2 a4 16. Rae1 Kf7 17. Re2 Re8 1/2-1/2

[Event "Titled Tuesday intern op 27th Jun Early"]
[Site "Chess.com INT"]
[Date "2023.06.27"]
[Round "4"]
[White "Dishman, Stephen"]
[Black "Kvaloy, Aksel Bu"]
[Result "0-1"]
[WhiteElo "2260"]
[BlackElo "2347"]
[PlyCount "122"]
[EventDate "2023.06.27"]
[EventType "swiss (blitz)"]
[EventRounds "11"]
[EventCountry "USA"]
[SourceTitle "EXT 2024"]
[Source "ChessBase"]
[SourceDate "2023.10.10"]
[SourceVersion "1"]
[SourceVersionDate "2023.10.10"]
[SourceQuality "1"]

1. c4 Nf6 2. g3 e5 3. Bg2 Nc6 4. Nc3 Bb4 5. Nd5 Nxd5 6. cxd5 Ne7 7. a3 Ba5 8. b4 Bb6 9. Bb2 d6 10. e3 0-0 11. Ne2 f5 12. 0-0 Ng6 13. f4 Qe7 14. Qc2 Bd7 15. a4 a5 16. b5 Rae8 17. fxe5 dxe5 18. Ba3 Qg5 19. Bxf8 Rxf8 20. Qc3 f4 21. Kh1 Bg4 22. exf4 Qh5 23. Nc1 exf4 24. gxf4 Nxf4 25. Nb3 Nxg2 26. Rxf8+ Kxf8 27. Kxg2 Qxd5+ 28. Kg3 Qg5 29. h4 Qg6 30. Kh2 h5 31. Rf1+ Kg8 32. Qe5 Kh7 33. Rf4 Bd1 34. Nd4 Bg4 35. Qe4 Qxe4 36. Rxe4 Kg6 37. Ne6 Kf6 38. Re1 Bxe6 39. Kg3 Bc5 40. Kf4 Bd6+ 41. Ke4 Bf5+ 42. Kd4 g6 43. Kd5 Bg3 44. b6 Bxe1 45. bxc7 Bg3 46. Kc5 Bxc7 47. Kb5 Bd7+ 48. Kc5 Bxa4 49. Kc4 Bd7 50. Kc3 Ke5 51. Kb3 Kd5 52. Ka3 Bd8 53. d4 Bxh4 54. Kb3 Be7 55. Ka2 Bd6 56. Kb2 h4 57. Ka2 h3 58. Kb2 h2 59. Ka2 h1Q 60. Kb2 Qg2+ 61. Kb3 Qf3+ 0-1

[Event "Titled Tuesday intern op 13th Jun Early"]
[Site "Chess.com INT"]
[Date "2023.06.13"]
[Round "7"]
[White "Dishman, Stephen"]
[Black "Novikova, Margarita"]
[Result "0-1"]
[WhiteElo "2260"]
[BlackElo "1985"]
[PlyCount "130"]
[EventDate "2023.06.13"]
[EventType "swiss (blitz)"]
[EventRounds "11"]
[EventCountry "USA"]
[SourceTitle "EXT 2024"]
[Source "ChessBase"]
[SourceDate "2023.10.10"]
[SourceVersion "1"]
[SourceVersionDate "2023.10.10"]
[SourceQuality "1"]

1. c4 c5 2. g3 Nf6 3. Bg2 d6 4. Nc3 Nc6 5. Nf3 g6 6. 0-0 Bg7 7. d4 0-0 8. dxc5 dxc5 9. Qxd8 Rxd8 10. Bf4 a6 11. Ne5 Nxe5 12. Bxe5 Ng4 13. Bxg7 Kxg7 14. Rfd1 Rxd1+ 15. Rxd1 Be6 16. b3 Rb8 17. h3 Nf6 18. a4 b6 19. f4 b5 20. axb5 axb5 21. Nxb5 Bd7 22. e4 Bxb5 23. cxb5 Rxb5 24. e5 Nh5 25. Rd3 e6 26. Kf2 Ra5 27. Rd2 Rb5 28. Rd3 Ra5 29. Bf3 Ra2+ 30. Be2 Kf8 31. Rc3 Rb2 32. Rxc5 Rxb3 33. Bxh5 gxh5 34. Rc8+ Kg7 35. Rc4 Ra3 36. Re4 Rd3 37. Re3 Rd2+ 38. Re2 Rd3 39. Re3 Rd2+ 40. Kf3 Rh2 41. h4 Rh1 42. Ke4 Rf1 43. Rf3 Re1+ 44. Re3 Rf1 45. Rb3 Kg6 46. Rb8 Kg7 47. Rc8 Rg1 48. Kf3 Rf1+ 49. Kg2 Rb1 50. Rc7 Rb2+ 51. Kh3 Rb3 52. f5 Rb6 53. f6+ Kg6 54. Rc8 Kf5 55. Rf8 Rb7 56. Rh8 Kxe5 57. Rxh7 Kxf6 58. Rxh5 Kg6 59. Re5 Re7 60. h5+ Kh6 61. Kh4 f6 62. Re2 e5 63. g4 Ra7 64. Re4 Ra1 65. Ra4 Rxa4 0-1